<?xml version="1.0" encoding="UTF-8"?><?xml-stylesheet type="text/xsl" href="static/style.xsl"?><OAI-PMH xmlns="http://www.openarchives.org/OAI/2.0/" xmlns:xsi="http://www.w3.org/2001/XMLSchema-instance" xsi:schemaLocation="http://www.openarchives.org/OAI/2.0/ http://www.openarchives.org/OAI/2.0/OAI-PMH.xsd"><responseDate>2026-06-29T02:38:43Z</responseDate><request verb="GetRecord" identifier="oai:docta.ucm.es:20.500.14352/114082" metadataPrefix="marc">https://docta.ucm.es/rest/oai/request</request><GetRecord><record><header><identifier>oai:docta.ucm.es:20.500.14352/114082</identifier><datestamp>2025-01-14T01:13:53Z</datestamp><setSpec>com_20.500.14352_14</setSpec><setSpec>col_20.500.14352_21</setSpec></header><metadata><record xmlns="http://www.loc.gov/MARC21/slim" xmlns:dcterms="http://purl.org/dc/terms/" xmlns:xsi="http://www.w3.org/2001/XMLSchema-instance" xmlns:doc="http://www.lyncode.com/xoai" xsi:schemaLocation="http://www.loc.gov/MARC21/slim http://www.loc.gov/standards/marcxml/schema/MARC21slim.xsd">
   <leader>00925njm 22002777a 4500</leader>
   <datafield ind2=" " ind1=" " tag="042">
      <subfield code="a">dc</subfield>
   </datafield>
   <datafield ind2=" " ind1=" " tag="720">
      <subfield code="a">Hernández Martínez, David</subfield>
      <subfield code="e">author</subfield>
   </datafield>
   <datafield ind2=" " ind1=" " tag="260">
      <subfield code="c">2024</subfield>
   </datafield>
   <datafield ind2=" " ind1=" " tag="520">
      <subfield code="a">La crisis del orden mundial y la división en torno al poder internacional tiene una plasmación directa en la escalada de la tensión y la incertidumbre a nivel global. Las fracturas en los marcos de seguridad heredados del siglo XX tienen dos causantes principales. Por un lado, la rivalidad creciente entre las principales potencias estatales, que buscan la resolución de sus diferencias a través de la disuasión y el uso de
la fuerza, lo que da lugar a una relegación de las opciones de diálogo y negociación. Por otro, la irrupción de nuevos actores con carácter transnacional en el desarrollo de los grandes focos de conflicto, donde adquieren un protagonismo excepcional entidades como grupos terroristas, redes de crimen organizado y las compañías de seguridad privada.</subfield>
   </datafield>
   <datafield ind1="8" ind2=" " tag="024">
      <subfield code="a">HERNÁNDEZ MARTÍNEZ, David. Espacios de conflicto y rivalidad por el poder internacional. En Poder y orden mundial en el Siglo XXI: una visión desde las relaciones internacionales. JM Bosch Editor, 2024. p. 259-289.</subfield>
   </datafield>
   <datafield ind1="8" ind2=" " tag="024">
      <subfield code="a">978-84-10044-52-4 (papel)</subfield>
   </datafield>
   <datafield ind1="8" ind2=" " tag="024">
      <subfield code="a">978-84-10044-53-1 (electrónico)</subfield>
   </datafield>
   <datafield ind1="8" ind2=" " tag="024">
      <subfield code="a">https://hdl.handle.net/20.500.14352/114082</subfield>
   </datafield>
   <datafield ind1="8" ind2=" " tag="024">
      <subfield code="a">https://jmboscheditor.com/libro/56144/Poder-y-Orden-mundial-en-el-Siglo-XXI</subfield>
   </datafield>
   <datafield ind2="0" ind1="0" tag="245">
      <subfield code="a">Espacios de conflicto y rivalidad por el poder internacional</subfield>
   </datafield>
</record></metadata></record></GetRecord></OAI-PMH>